Artists featured on Travis Scott albums - Statistics

General Stats
  • This quiz has been taken 13 times
  • The average score is 75 of 100
Answer Stats
Hint Answer % Correct
KICK OUT | NC-17 | TIL FURTHER NOTICE | +2 others 21 Savage
100%
CAN'T SAY Don Toliver
100%
MELTDOWN | SICKO MODE Drake
100%
3500 | CAN'T STOP | TELEKINESIS | WHERE WAS YOU Future
100%
Piss On Your Grave Kanye West
100%
goosebumps Kendrick Lamar
100%
FE!N | WHERE WAS YOU | Whoudini Playboi Carti
100%
CIRCUS MAXIMUS | K-POP | Pray 4 Love | +3 others The Weeknd
100%
Hold On | Mamacita | Maria I'm Drunk | +6 others Young Thug
100%
K-POP Bad Bunny
91%
DELRESTO (ECHOES) Beyonce
91%
NO BYSTANDERS Juice WRLD
91%
90210 Kacy Hill
91%
LOOOVE | STOP TRYING TOBE GOD | through the late night Kid Cudi
91%
HAD ENOUGH | Hold On | Oh My Dis Side | +2 others Quavo
91%
CIRCUS MAXIMUS | Nightcrawler | SICKO MODE Swae Lee
91%
TELEKINESIS SZA
91%
WHO?WHAT! Takeoff
91%
3500 | Upper Echelon 2 Chainz
82%
SHYNE GloRilla
82%
YOSEMITE Gunna
82%
STOP TRYING TOBE GOD | TIL FURTHER NOTICE James Blake
82%
HIGHEST IN THE ROOM(REMIX) Lil Baby
82%
HAD ENOUGH Offset
82%
TOPIA TWINS Rob49
82%
HIGHEST IN THE ROOM(REMIX) Rosalia
82%
Nghtcrawler Chief Keef
73%
Maria I'm Drunk Justin Beiber
73%
YOSEMITE | beibs in the trap Nav
73%
SKELETONS Tame Impala
73%
MODERN JAM Teezo Touchdown
73%
CAROUSEL Frank Ocean
64%
Wasted Juicy J
64%
Sloppy Toppy Migos
64%
SKELETONS Pharrell Williams
64%
GATTI Pop Smoke
64%
Mamacita Rich Homie Quan
64%
Ok Alright Schoolboy Q
64%
NO BYSTANDERS Sheck Wes
64%
the ends Andre 3000
55%
FLORIDA FLOW Kodak Black
55%
Upper Echelon T.I.
55%
PBT Tyla
55%
LOST FOREVER Westside Gunn
55%
first take Bryson Tiller
45%
PARASAIL Dave Chappelle
45%
Chaz Interlude | Flying High Toro y Moi
45%
PARASAIL Yung Lean
45%
Don't Play Big Sean
36%
OUTSIDE NBA Youngboy
36%
Sloppy Toppy Peewee longway
36%
BEEP BEEP SahBabii
36%
Don't Play the 1975
36%
coordinate Blac Youngsta
27%
Bandz Meek Mill
27%
Dance On The Moon Paul Wall
27%
STOP TRYING TO BE GOD Philip Bailey
27%
PBT Vybz Kartel
27%
Quintana Wale
27%
TRIP OUT Yeat
27%
Drive James Fauntleroy
18%
guidance K. Forest
18%
Dance On The Moon Theophilus London
18%
CHAMPAIN & VACAY Waka Flocka Flame
18%
Uptown A$AP Ferg
9%
No matching quizzes found
Score Distribution
Percent of People with Each Score
Percentile by Number Answered
Your Score History
You have not taken this quiz